<?xml version="1.0" encoding="UTF-8"?>
<collection xmlns:xsi="http://www.w3.org/2001/XMLSchema-instance" xsi:schemaLocation="http://www.loc.gov/MARC21/slim http://www.loc.gov/standards/marcxml/schema/MARC21slim.xsd" xmlns="http://www.loc.gov/MARC21/slim">
 <record>
  <leader>00000cam a22000004a 4500</leader>
  <controlfield tag="001">UP-99796217609483858</controlfield>
  <controlfield tag="003">Buklod</controlfield>
  <controlfield tag="005">20100930121329.0</controlfield>
  <controlfield tag="006">g||| g      q   v|</controlfield>
  <controlfield tag="007">ta</controlfield>
  <controlfield tag="008">100930s2008    xx     d     r    |||| u|</controlfield>
  <datafield tag="020" ind1=" " ind2=" ">
   <subfield code="a">9789719320845</subfield>
  </datafield>
  <datafield tag="035" ind1=" " ind2=" ">
   <subfield code="a">(iLib)UPD-00137600903</subfield>
  </datafield>
  <datafield tag="040" ind1=" " ind2=" ">
   <subfield code="a">DLC</subfield>
   <subfield code="d">DML</subfield>
  </datafield>
  <datafield tag="041" ind1=" " ind2=" ">
   <subfield code="a">eng</subfield>
  </datafield>
  <datafield tag="042" ind1=" " ind2=" ">
   <subfield code="a">DMLUC</subfield>
  </datafield>
  <datafield tag="090" ind1=" " ind2=" ">
   <subfield code="a">DS 686.6 R335</subfield>
   <subfield code="b">V44 2008</subfield>
  </datafield>
  <datafield tag="100" ind1="1" ind2=" ">
   <subfield code="a">Velasco, Melandrew T.</subfield>
   <subfield code="d">1964-</subfield>
  </datafield>
  <datafield tag="245" ind1="1" ind2="0">
   <subfield code="a">Simply Ming</subfield>
   <subfield code="b">the life story of First Lady Amelita &quot;Ming&quot; Martinez Ramos</subfield>
   <subfield code="c">Melandrew T. Velasco ; foreword by Fidel V. Ramos.</subfield>
  </datafield>
  <datafield tag="246" ind1="3" ind2="0">
   <subfield code="a">Life story of First Lady Amelita &quot;Ming&quot; Martinez Ramos</subfield>
  </datafield>
  <datafield tag="264" ind1=" " ind2="1">
   <subfield code="a">Quezon City</subfield>
   <subfield code="b">Published and exclusively distributed by Media Touchstone Ventures</subfield>
   <subfield code="a">Makati City</subfield>
   <subfield code="b">Ramos Peace and Development Foundation</subfield>
   <subfield code="c">c2008.</subfield>
  </datafield>
  <datafield tag="300" ind1=" " ind2=" ">
   <subfield code="a">xiv, 17-328 p.</subfield>
   <subfield code="b">ill. (some col.)</subfield>
  </datafield>
  <datafield tag="500" ind1=" " ind2=" ">
   <subfield code="a">Published jointly with The Ramos Peace and Development Foundation, Inc. (RPDEV)</subfield>
  </datafield>
  <datafield tag="600" ind1="1" ind2="0">
   <subfield code="a">Ramos, Amelita Martinez</subfield>
   <subfield code="d">1927-</subfield>
   <subfield code="v">Biography.</subfield>
  </datafield>
  <datafield tag="650" ind1=" " ind2="0">
   <subfield code="a">Presidents' spouses</subfield>
   <subfield code="z">Philippines</subfield>
   <subfield code="v">Biography.</subfield>
  </datafield>
  <datafield tag="905" ind1=" " ind2=" ">
   <subfield code="a">FI</subfield>
  </datafield>
  <datafield tag="950" ind1=" " ind2=" ">
   <subfield code="a">Biographical review</subfield>
  </datafield>
  <datafield tag="852" ind1="0" ind2=" ">
   <subfield code="a">UPD</subfield>
   <subfield code="b">DAC</subfield>
   <subfield code="h">DS 686.6 R335</subfield>
   <subfield code="i">V44 2008</subfield>
  </datafield>
  <datafield tag="852" ind1="0" ind2=" ">
   <subfield code="a">UPD</subfield>
   <subfield code="b">DCPA</subfield>
   <subfield code="h">DS 686.6 R335</subfield>
   <subfield code="i">V44 2008</subfield>
  </datafield>
  <datafield tag="852" ind1="0" ind2=" ">
   <subfield code="a">UPD</subfield>
   <subfield code="b">DMLF</subfield>
   <subfield code="h">DS 686.6 R335</subfield>
   <subfield code="i">V44 2008  stacks</subfield>
  </datafield>
  <datafield tag="942" ind1=" " ind2=" ">
   <subfield code="a">Book</subfield>
  </datafield>
 </record>
</collection>
